| 000 | 00372 a2200157 4500 | ||
|---|---|---|---|
| 001 | 59964 | ||
| 020 | _a9783126755825 | ||
| 040 | _cAnchieta - Pituba | ||
| 100 | _aEinhorn, Àgnes | ||
| 240 | 1 | 0 |
_aDeutsch mit grips 1 _lpor |
| 245 | 1 | 0 | _aDeutsch mit grips 1 |
| 300 | _a168 | ||
| 362 | 0 | _a2007 | |
| 650 | 4 | _aLínguas germânicas (teutônicas) língua alemã | |
| 942 | _cBK | ||
| 999 |
_c59964 _d59964 |
||